One Syllable Things Quiz Stats

 Plays Quiz Updated Jul 13, 2018

Score 0/54 Timer 08:00
6 Plays Today
Answer % Correct
George H.W. Bush
87.8%
George W. Bush
87.8%
Donald Trump
68.1%
New York Jets
60.7%
William Howard Taft
56.2%
Chicago Bears
56.1%
Gerald Ford
55.4%
Gold
50.7%
James K. Polk
50.2%
New York Mets
48.7%
Miami Heat
47%
Chicago Cubs
45.9%
Indianapolis Colts
45%
Cincinnati Reds
44.8%
France
44.6%
Spain
43.2%
Chicago Bulls
42.3%
Utah Jazz
40.7%
Rome
40.3%
Cleveland Browns
39.8%
Brooklyn Nets
39.4%
New Orleans Saints
39.3%
Ulysses S. Grant
39%
Buffalo Bills
38.2%
Los Angeles Rams
38%
Tampa Bay Rays
36.4%
Chad
36.4%
Answer % Correct
Tin
34.3%
Los Angeles Kings
33.8%
Sacramento Kings
33.7%
Lead
32.5%
Atlanta Braves
31.5%
Kansas City Chiefs
31.3%
Phoenix Suns
30.7%
Atlanta Hawks
29.3%
San Antonio Spurs
28.4%
Minnesota Twins
26.8%
Franklin Pierce
26.6%
Greece
26.2%
Anaheim Ducks
26.2%
Dallas Stars
25.2%
Zinc
24.6%
Rutherford B. Hayes
24.6%
Minnesota Wild
24.3%
Bern
24.2%
St. Louis Blues
24%
Crash
23.7%
Milwaukee Bucks
23.4%
San Jose Sharks
21.1%
Prague
21%
Calgary Flames
18.5%
Winnipeg Jets
17.2%
Wings
11.7%
Minsk
10.9%

You're not logged in!

Compare scores with friends on all Sporcle quizzes.
OR
Log In

Sporcle TV

Today on Sporcle TV


Watch our educational content, quiz creation guides, and fun videos on Sporcle TV.

Show Comments

Extras

Top Quizzes Today


Score Distribution

Your Account Isn't Verified!

In order to create a playlist on Sporcle, you need to verify the email address you used during registration. Go to your Sporcle Settings to finish the process.

Report this User

Report this user for behavior that violates our Community Guidelines.

Details: